Click 3 Actors from these 'Adventure' movies Quiz Stats

 Plays Quiz not verified by Sporcle

Score 0/39 Timer 10:00
0 Plays Today
% Correct
Tom Cruise
90.1%
Michael Keaton
87.7%
Robin Williams
87.7%
Jeff Goldblum
87.7%
Jennifer Lopez
87.3%
Ben Affleck
85.3%
Chris O'Donnell
84.9%
WInona Ryder
83.7%
Dustin Hoffman
82.9%
Dakota Fanning
82.9%
Ice Cube
82.5%
Geena Davis
82.5%
Laura Dern
82.5%
Corey Feldman
81.3%
Tim Allen
81.3%
Alicia Silverstone
81.3%
Johnny Depp
81%
David Bowie
81%
Matt Damon
79.8%
Uma Thurman
79.4%
% Correct
John Travolta
78.6%
Julia Roberts
78.2%
Jerry O'Connell
74.6%
Benicio Del Toro
73.8%
Samuel L. Jackson
71.8%
Salma Hayek
69.4%
Jennifer Connelly
69.4%
Martin Lawrence
67.9%
Seth Green
67.9%
Matthew Lillard
65.5%
Damon Wayans
63.1%
Frank Oz
63.1%
Tim Robbins
60.7%
Adam Sandler
52.8%
John Cusack
50.8%
Owen WIlson
48.4%
James Caan
41.7%
Burt Reynolds
40.9%
Cameron Diaz
30.6%

You're not logged in!

Compare scores with friends on all Sporcle quizzes.
OR
Log In

Sporcle TV

Today on Sporcle TV


Watch our educational content, quiz creation guides, and fun videos on Sporcle TV.

Show Comments

Extras

Top Quizzes Today


Score Distribution

Your Account Isn't Verified!

In order to create a playlist on Sporcle, you need to verify the email address you used during registration. Go to your Sporcle Settings to finish the process.

Report this User

Report this user for behavior that violates our Community Guidelines.

Details: